الصندوق الصغير وقصص اخرى / (Record no. 50834)
[ view plain ]
| 000 -الفاتح | |
|---|---|
| حقل البيانات ثابتة الطول | 00636nam a2200217Ia 4500 |
| 008 - عناصر البيانات ثابتة الطول - معلومات عامة | |
| حقل البيانات ثابتة الطول | 140319s9999 xx 000 0 ara d |
| 040 ## - مصدر الفهرسة | |
| وكالة الفهرسة الأصلية | GCL / |
| وكالة النسخ | GCL |
| 082 04 - رقم تصنيف ديوى العشرى | |
| رقم التصنيف | ط |
| رقم المادة | 813.01 |
| -- | م ص |
| 100 1# - المدخل الرئيسى - إسم شخصى | |
| الإسم الشخصى | امين دويدار |
| 245 10 - بيان العنوان | |
| العنوان | الصندوق الصغير وقصص اخرى / |
| بيان المسئوليه,etc | امين دويدار |
| 700 1# - المدخل الاضافى - اسم شخصى | |
| الإسم الشخصى | محمود زهران |
| 700 1# - المدخل الاضافى - اسم شخصى | |
| الإسم الشخصى | محمد سعيد العريان |
| 300 ## - الوصف المادى | |
| التعداد | 96 ص |
| 490 ## - بيان السلسلة | |
| عنوان السلسلة | كان ياما كان |
| رقم المجلد/ التعيين التسلسلي | 0 |
| 650 04 - المدخل الاضافى بالموضوع-مصطلح موضوعى | |
| مصطلح موضوعي | القصص القصيرة |
| 650 04 - المدخل الاضافى بالموضوع-مصطلح موضوعى | |
| مصطلح موضوعي | الاطفال |
| 650 04 - المدخل الاضافى بالموضوع-مصطلح موضوعى | |
| مصطلح موضوعي | قصص الاطفال |
| 650 04 - المدخل الاضافى بالموضوع-مصطلح موضوعى | |
| مصطلح موضوعي | ادب الاطفال |
| 942 ## - عناصر المدخل الإضافي( كوها) | |
| مصدر التصنيف او مخطط الترفيف | Dewey Decimal Classification |
| Koha [default] item type | كتاب |
| حالة التراجع | حالة الفقد | حالة تلف | ليس للاعارة | المكان المؤقت | الموقع الحالى | تاريخ الاكتساب | اجمالي اﻻعارات | رقم الطلب | الباركود | تاريخ اخر مشاهدة | تاريخ تفعيل السعر | نوع وعاء كوها |
|---|---|---|---|---|---|---|---|---|---|---|---|---|
| مكتبة القاهرة الكبرى | مكتبة القاهرة الكبرى | 03/26/2014 | ط\813.01\م ص | 121777 | 03/26/2014 | 03/26/2014 | كتاب | |||||
| مكتبة القاهرة الكبرى | مكتبة القاهرة الكبرى | 03/26/2014 | ط\813.01\م ص | 121778 | 03/26/2014 | 03/26/2014 | كتاب |

